[Event "FRA-ch U10 Girls"]
[Site "Le Grand Bornand"]
[Date "2007.04.??"]
[Round "5"]
[White "Le Guennec, Nolwen"]
[Black "Bertrand, Oriane"]
[Result "1-0"]
[WhiteElo "1350"]
[BlackElo "1220"]
[PlyCount "51"]
[EventDate "2007.04.07"]
[EventType "swiss"]
[EventRounds "9"]
[EventCountry "FRA"]
[SourceTitle "CBM 118 Extra"]
[Source "ChessBase"]
[SourceDate "2007.07.04"]
[SourceVersion "1"]
[SourceVersionDate "2007.07.04"]
[SourceQuality "1"]

1. e4 e5 2. Nf3 Nc6 3. Bb5 d6 4. Bxc6+ bxc6 5. h3 Nf6 6. Nc3 Be7 7. 0-0 Be6 8. d4 exd4 9. Nxd4 d5 10. exd5 cxd5 11. Nc6 Qd7 12. Nxe7 Qxe7 13. Bg5 h6 14. Bh4 0-0 15. Re1 Qd8 16. Qd4 Rb8 17. b3 Bf5 18. Nxd5 Qxd5 19. Qxd5 Nxd5 20. c4 Nb4 21. Re7 Rfd8 22. a3 Nc6 23. Rxc7 Rbc8 24. Rb7 Kf8 25. Bxd8 Nxd8 26. Rxa7 1-0

[Event "FRA-ch U10 Girls"]
[Site "Le Grand Bornand"]
[Date "2007.04.??"]
[Round "2"]
[White "Lucas, Mauranne"]
[Black "Bertrand, Oriane"]
[Result "0-1"]
[WhiteElo "1590"]
[BlackElo "1220"]
[PlyCount "54"]
[EventDate "2007.04.07"]
[EventType "swiss"]
[EventRounds "9"]
[EventCountry "FRA"]
[SourceTitle "CBM 118 Extra"]
[Source "ChessBase"]
[SourceDate "2007.07.04"]
[SourceVersion "1"]
[SourceVersionDate "2007.07.04"]
[SourceQuality "1"]

1. d4 d5 2. e3 Nf6 3. f4 Bf5 4. Nf3 Nc6 5. c3 e6 6. Be2 Be7 7. 0-0 0-0 8. Ne5 Be4 9. Nd2 Nd7 10. Nxe4 Ndxe5 11. fxe5 dxe4 12. Qe1 f6 13. Bc4 Qd7 14. Qh4 fxe5 15. Rxf8+ Rxf8 16. Qxe4 exd4 17. Bd3 g6 18. exd4 Qd5 19. Qg4 Qh5 20. Qxe6+ Kg7 21. g4 Qh4 22. Bd2 Qf2+ 23. Kh1 Qxd2 24. Bc4 Rf2 25. Qg8+ Kh6 26. Qd5 Rxh2+ 27. Kg1 Qf2# 0-1

[Event "FRA-ch U10 Girls"]
[Site "Calvi"]
[Date "2005.04.21"]
[Round "6"]
[White "Bertrand, Oriane"]
[Black "Zhou, Qiyu"]
[Result "0-1"]
[WhiteElo "1009"]
[BlackElo "1310"]
[PlyCount "28"]
[EventDate "2005.04.??"]
[EventType "swiss"]
[EventRounds "9"]
[EventCountry "FRA"]
[SourceTitle "EXT 2006"]
[Source "ChessBase"]
[SourceDate "2005.11.24"]
[SourceVersion "1"]
[SourceVersionDate "2005.11.24"]
[SourceQuality "1"]

1. e4 e5 2. Nf3 Nc6 3. Bc4 Bc5 4. 0-0 Nf6 5. Ng5 0-0 6. Nc3 d6 7. Nf3 Bg4 8. d3 Nd4 9. h3 Nxf3+ 10. gxf3 Bxh3 11. Re1 Nh5 12. Be3 Bxe3 13. fxe3 Qg5+ 14. Kf2 Qg2# 0-1